|
|
|
|
| LEADER |
00000nas a2200000 a 4500 |
| 001 |
ssj0000399112 |
| 003 |
WaSeSS |
| 005 |
20200512172242.0 |
| 006 |
m d |
| 007 |
cr n |
| 008 |
991025c19999999fr gr ss i0 0eng c |
| 010 |
|
|
|a sn 99034835
|
| 016 |
7 |
|
|a 015481108
|2 Uk
|
| 022 |
|
|
|l 1562-983X
|y 1562-983X
|
| 035 |
|
|
|a (WaSeSS)ssj0000399112
|
| 040 |
|
|
|a FXG
|b eng
|c FXG
|d IUL
|d MYG
|d NYG
|d HUL
|d DLC
|d CUS
|d MYG
|d OCL
|d IUL
|d MYG
|d OCLCQ
|d UKMGB
|d OCLCO
|d OCLCA
|d OCLCF
|d OCLCO
|d EUW
|d OCLCO
|d OCLCQ
|d OCLCO
|d OKS
|d CUS
|d OCLCA
|d WaSeSS
|
| 042 |
|
|
|a pcc
|
| 050 |
0 |
0 |
|a HC10
|b .I6224
|
| 082 |
0 |
4 |
|a 338.0021
|b O282 200-564
|
| 222 |
|
0 |
|a OECD science, technology and industry scoreboard
|
| 245 |
0 |
0 |
|a OECD science, technology, and industry scoreboard
|h [electronic resource] :
|b benchmarking knowledge-based economics.
|
| 246 |
3 |
0 |
|a Science, technology, and industry scoreboard
|
| 246 |
3 |
|
|a Organisation for Economic Co-operation and Development science, technology, and industry scoreboard
|
| 246 |
1 |
7 |
|a STI scoreboard of indicators
|g (varies slightly)
|
| 260 |
|
|
|a Paris, France :
|b Organisation for Economic Co-operation and Development,
|c ©1999-
|
| 310 |
|
|
|a Biennial
|
| 362 |
0 |
|
|a 1999-
|
| 490 |
1 |
|
|a 2001 ed.: Science and innovation
|
| 506 |
|
|
|a License restrictions may limit access.
|
| 550 |
|
|
|a Prepared by: Economic Analysis and Statistics Division of the OECD Directorate for Science, Technology, and Industry, 1999-<2003>, under the guidance of: Industry Committee, and: Committee for Scientific and Technological Policy, 1999.
|
| 580 |
|
|
|a Issued in alternate years with: OECD science, technology, and industry outlook.
|
| 580 |
|
|
|a Issued also in French ed.: Tableau de bord de l'OCDE de la science, de la technologie et de l'industrie.
|
| 588 |
|
|
|a Latest issue consulted: 2003 ed. (surrogate).
|
| 650 |
|
0 |
|a Industrial statistics
|v Periodicals.
|
| 650 |
|
0 |
|a Science indicators
|v Periodicals.
|
| 650 |
|
0 |
|a Technology indicators
|v Periodicals.
|
| 650 |
|
7 |
|a Industrial statistics.
|2 fast
|0 (OCoLC)fst00971751
|
| 650 |
|
7 |
|a Science indicators.
|2 fast
|0 (OCoLC)fst01108736
|
| 650 |
|
7 |
|a Technology indicators.
|2 fast
|0 (OCoLC)fst01145294
|
| 650 |
|
2 |
|a Science.
|
| 650 |
|
2 |
|a Technology.
|
| 650 |
|
2 |
|a Industry.
|
| 655 |
|
0 |
|a Electronic journals.
|
| 710 |
2 |
|
|a Organisation for Economic Co-operation and Development.
|
| 710 |
2 |
|
|a Organisation for Economic Co-operation and Development.
|b Economic Analysis and Statistics Division.
|
| 710 |
2 |
|
|a Organisation for Economic Co-operation and Development.
|b Industry Committee.
|
| 710 |
2 |
|
|a Organisation for Economic Co-operation and Development.
|b Committee for Scientific and Technological Policy.
|
| 775 |
0 |
|
|t Tableau de bord de l'OCDE de la science, de la technologie et de l'industrie
|w (OCoLC)42720820
|
| 780 |
0 |
0 |
|t Science, technology, and industry
|w (DLC) 97641528
|w (OCoLC)37383991
|
| 787 |
0 |
|
|t OECD science, technology, and industry outlook
|w (DLC) 2001252206
|w (OCoLC)46315316
|
| 830 |
|
0 |
|a Science and innovation.
|
| 850 |
|
|
|a DLC
|a InU
|
| 853 |
2 |
0 |
|8 1
|a (year)
|w g
|
| 856 |
4 |
0 |
|z Full text available from Research Library: 01/01/2007 to 12/31/2015
|u https://search.proquest.com/publication/2026391
|
| 856 |
4 |
0 |
|z Full text available from Research Library: 01/01/2017 to 01/31/2017
|u https://search.proquest.com/publication/2026391
|
| 863 |
4 |
1 |
|8 1.1
|a 1999
|